00358nam a2200121Ia 4500082001200000100002000012245009700032260003400129300001000163650002300173650002300196710001700219 aTU.0013 aUpreti, Nandini 0aProvisional parliament of India : A case study in the development of parliamentary democracy c1971bUniversity of Rajasthan a428p. aINDIA - PARLIAMENT aDEMOCRACY - INDIA  aIqbal Narain